000 00324nam a2200121 i 4500
001 bg
245 0 _a9th International Symposium on the Reactivity of Solids :
_bCracow, Poland, September 1-6 1980.
260 _aCracow,
_c1980.
040 _cBPK
041 _apol
942 _cKS
008 s pl f |000 0 pol
999 _c19436
_d19436
856 _uhttp://koha.tu.koszalin.pl/cgi-bin/koha/opac-detail.pl?biblionumber=19436
_yKatalog online BPK